| 000 | 01501nam a22002057a 4500 | ||
|---|---|---|---|
| 999 |
_c58042 _d58042 |
||
| 003 | Ge_BSU | ||
| 005 | 20210519111050.0 | ||
| 008 | 210519s2002 ge ||||| |||| 00| 0 geo d | ||
| 041 | _ageo | ||
| 080 | _a621.395(02) ქ - 44 | ||
| 100 |
_aქვრივიშვილი, რ. _91124 |
||
| 245 |
_aტელეკომუნიკაციების ქსელები : _bნაწილი 1, 2 (ლექციების კონსპექტი) / _cრ. ქვრივიშვილი, ბ. გიორგაძე; საქართველოს ტექნიკური უნივერსიტეტი, ტელეკომუნიკაციური ქსელებისა და საკომუტაციო სისტემების კათედრა. |
||
| 264 |
_a(თბ. : _b[ ტექნიკური უნივერსიტეტი ], _c2002. |
||
| 300 |
_a91 გვ. _bნახ. _c20 სმ. |
||
| 653 | _aტელეკომუნიკაციები | ||
| 653 | _aსაკომუტაციო სისტემები | ||
| 700 |
_aგიორგაძე, ბ. _eავტორი _91122 |
||
| 710 |
_aსაქართველოს ტექნიკური უნივერსიტეტი _bტელეკომუნიკაციური ქსელებისა და საკომუტაციო სისტემების კათედრა. _911842 |
||
| 942 |
_2udc _cBK |
||